Statistics for ACL歴代チャンピオン

Click here to take the quiz!

General Stats

  • This quiz has been taken 23 times
  • The average score is 13 of 20

Answer Stats

HintAnswer% Correct
2022浦和レッズ🇯🇵
100%
2007浦和レッズ🇯🇵
100%
2017浦和レッズ🇯🇵
100%
2021アル ヒラル🇸🇦
82%
2008ガンバ大阪🇯🇵
82%
2019アル ヒラル🇸🇦
82%
2018鹿島アントラーズ🇯🇵
82%
2016全北現代🇰🇷
71%
2006全北現代🇰🇷
71%
2020蔚山現代🇰🇷
71%
2012蔚山現代🇰🇷
71%
2013広州恒大🇨🇳
65%
2015広州恒大🇨🇳
65%
2014ウェスタン シドニー🇦🇺
47%
2004アル イテハド🇸🇦
41%
2005アル イテハド🇸🇦
41%
2010城南一和天馬🇰🇷
35%
2009浦項スティーラース🇰🇷
35%
2003アル アイン🇦🇪
29%
2011アル サッド🇶🇦
24%

Score Distribution

Percentile by Number Answered

Percent of People with Each Score

Your Score History

You have not taken this quiz